| 000 | 00418nam a22001577a 4500 | ||
|---|---|---|---|
| 999 |
_c2736 _d2736 |
||
| 008 | 200316b ||||| |||| 00| 0 eng d | ||
| 082 | 0 | 0 |
_a665 _bH6311 |
| 100 |
_92353 _aHicks, Jas A. |
||
| 245 | 1 | 0 |
_a(The) Laboratory book of mineral oil testing _cby Jas A. Hicks |
| 250 | _a4th ed. | ||
| 260 |
_aLondon _bCharles Griffin _c1925 |
||
| 300 | _avii,128 p. | ||
| 365 | _d3.12 | ||
| 650 | 0 | _aPetroleum Testing | |
| 942 | _cBK | ||